| 000 | 00360nam a2200145Ia 4500 | ||
|---|---|---|---|
| 008 | 230312s9999||||xx |||||||||||||| ||und|| | ||
| 020 | _a0-619-03481-5 | ||
| 082 |
_a004.68 _bDOE-G |
||
| 100 | _aJim;Keogh | ||
| 245 | 4 | _aThe Essential Guide to Computer Hardware | |
| 260 |
_bThomson _aUSA _c2001 |
||
| 300 | _a878 | ||
| 650 |
_aComputer _vComputer |
||
| 942 | _cBK | ||
| 999 |
_c15417 _d15417 |
||